Progress in clinical neurosciences / (Record no. 143664)

MARC details
000 -LEADER
fixed length control field 00625nam a22001937a 4500
005 - DATE AND TIME OF LATEST TRANSACTION
control field 20170822153205.0
010 ## - LCCN (DPL NO)
LC control number ENG-119974
020 ## - INTERNATIONAL STANDARD BOOK NUMBER
Terms of availability 1495.00
International Standard Book Number 978818931139
035 ## - SYSTEM CONTROL NUMBER
System control number EN-103506
037 ## - SOURCE OF ACQUISITION
Source of stock number/acquisition DBAD/PUB
082 ## - DEWEY DECIMAL CLASSIFICATION NUMBER
Classification number 616.8
245 ## - TITLE STATEMENT
Title Progress in clinical neurosciences /
Statement of responsibility, etc edited by V.P. Signh [and] Muralidharan Nair
260 ## - PUBLICATION, DISTRIBUTION, ETC. (IMPRINT)
Place of publication, distribution, etc Delhi
Name of publisher, distributor, etc Byword Books
Date of publication, distribution, etc 2013
270 ## - ADDRESS
Address Virat Bhavan, Mukherjee Nagar Commercial Complex,
City Delhi
Postal code 110009
300 ## - PHYSICAL DESCRIPTION
Extent Volume 27, ix, 326p. :
Dimensions 22cm (Hb)
Other physical details ill
700 ## - ADDED ENTRY--PERSONAL NAME
Personal name V.P Singh
700 ## - ADDED ENTRY--PERSONAL NAME
Personal name Nair, Muralidharan
942 ## - ADDED ENTRY ELEMENTS (KOHA)
Source of classification or shelving scheme Dewey Decimal Classification
Item type English Books
Classification part 616.8
Call number suffix PRO
Holdings
Withdrawn status Lost status Not for loan Collection code Home library Current library Date acquired Source of acquisition Cost, normal purchase price Full call number Barcode Copy number Cost, replacement price Koha item type
    Not For Loan Non-fiction D.B.Act.Division D.B.Act.Division 22/08/2017 DBAD/PUB 1495.00 616.8 PRO EN-103506 1 1495.00 English Books

© Delhi Public Library
Hit Counter
free hit counter